00254 a2200109 4500001000700000020000600007040001100013100003200024240004200056245003700098362000900135164358 a  cMagnum aBastos, Maria Helena Camara10aA escola elementar no seculo xixlpor10aA escola elementar no seculo xix0 a1899